000 00559nam a2200205Ia 4500
005 20250923144856.0
008 008 250917s9999 xx 000 0 eng d
037 _aTextual
040 _aDSWL
_beng
_cDSWL
041 _aeng
_2eng
084 _aX:R3:O6, J3
_qDSWL
100 _aWard, A Dudley
_9829317
245 0 _aGoals of Economic Life
_cby A.Dudley Ward
260 _aNew York
_bHarper & Brothers
_c1953
300 _ax,470p.
365 _aUSD
_b4
925 _g4
942 _cTEXL
_hX:R3:O6, J3
999 _c1444447
_d1444447